Electoral Intervention in the Americas: uneven and unanticipated results /

Zapisane w:
Opis bibliograficzny
1. autor: Domínguez, Jorge I.
Format: Texto
Hasła przedmiotowe:
Etykiety: Dodaj etykietę
Nie ma etykietki, Dołącz pierwszą etykiete!

MARC

LEADER 00000 a a2200000 04500
001 10057
003
040
100 |a Domínguez, Jorge I.  
245 |a Electoral Intervention in the Americas:   |b uneven and unanticipated results /  |c Jorge I. Domínguez 
650 |a DEMOCRACIA  
650 |a ELECCIONES  
650 |a INTERVENCION EXTRANJERA  
650 |a AMERICA LATINA  
650 |a ESTADOS UNIDOS  
773 |g volumen 40, número 1; páginas 26-29  
999 |c 25810  |d 25810